| 000 -LEADER |
| fixed length control field |
00417nam a22001457a 4500 |
| 005 - DATE AND TIME OF LATEST TRANSACTION |
| control field |
20180809124553.0 |
| 008 - FIXED-LENGTH DATA ELEMENTS--GENERAL INFORMATION |
| fixed length control field |
180809b ||||| |||| 00| 0 eng d |
| 040 ## - CATALOGING SOURCE |
| Transcribing agency |
|
| 082 ## - DEWEY DECIMAL CLASSIFICATION NUMBER |
| Classification number |
I5 |
| 100 ## - MAIN ENTRY--PERSONAL NAME |
| Personal name |
United States. Department of Agriculture |
| 9 (RLIN) |
216 |
| 245 ## - TITLE STATEMENT |
| Title |
Force your leadership link |
| Remainder of title |
by Development of Agriculture |
| 260 ## - PUBLICATION, DISTRIBUTION, ETC. (IMPRINT) |
| Place of publication, distribution, etc |
Washington |
| Name of publisher, distributor, etc |
Department of Agriculture |
| Date of publication, distribution, etc |
1954 |
| 300 ## - PHYSICAL DESCRIPTION |
| Extent |
54+p |
| 942 ## - ADDED ENTRY ELEMENTS (KOHA) |
| Source of classification or shelving scheme |
|
| Item type |
GG |